Statistics for Los Angeles Lakers 2018-19 Roster

Click here to take the quiz!

General Stats

  • This quiz has been taken 327 times
    (296 since last reset)
  • The average score is 10 of 18

Answer Stats

NbrPostPlayer% Correct
23PFLeBron James
99%
2PGLonzo Ball
86%
14SGBrandon Ingram
83%
0SFKyle Kuzma
80%
7CJaVale McGee
75%
9PGRajon Rondo
69%
1SGKentavious Caldwell-Pope
66%
3SGJosh Hart
59%
-Head CoachLuke Walton
58%
40CIvica Zubac
56%
4SGAlex Caruso
52%
6SGLance Stephenson
44%
5CTyson Chandler
41%
15CMoritz Wagner
27%
17PGIsaac Bonga
22%
11PFMichael Beasley
21%
19CJohnathan Williams
19%
10SFSviatoslav Mykhailuk
3%

Score Distribution

Percentile by Number Answered

Percent of People with Each Score

Your Score History

You have not taken this quiz since the last reset